| 000 | 00848nam a22002657a 4500 | ||
|---|---|---|---|
| 003 | URS | ||
| 005 | 20260326151009.0 | ||
| 008 | 260317b |||||||| |||| 00| 0 eng d | ||
| 020 | _a1570430462 | ||
| 020 | _a9781570430466 | ||
| 040 |
_aDLC _beng _cDLC _dURS _erda |
||
| 050 | 1 | 4 |
_aBP605 _b.K676 1990 |
| 100 | 1 | _aKlemp, Harold | |
| 245 |
_aThe spiritual laws of Eck/ _cHarold Klemp.- |
||
| 250 | _afirst edition- | ||
| 264 | 1 |
_aMinneapolis: _bECKANKAR, _cc1990. |
|
| 300 |
_ax, 111 pages: _billustrations; _c22 cm |
||
| 336 |
_2rdacontent _atext _btxt |
||
| 337 |
_2rdamedia _aunmediated _bn |
||
| 338 |
_2rdacarrier _avolume _bnc |
||
| 500 | _aIncludes glossary. | ||
| 504 | _aIncludes bibliography and biographical references of the authors. | ||
| 650 | 0 | _aSpiritual life | |
| 942 |
_2lcc _cFR _efirst edition _hBP605 _i.K676 1990 |
||
| 999 |
_c99197 _d99194 |
||